On the history of film style
Αποθηκεύτηκε σε:
| Κύριος συγγραφέας: | |
|---|---|
| Μορφή: | Βιβλίο |
| Γλώσσα: | English |
| Δημοσίευση: |
Cambridge, Mass. :
Harvard University Press,
1997
|
| Θέματα: | |
| Ετικέτες: |
Προσθήκη ετικέτας
Δεν υπάρχουν, Καταχωρήστε ετικέτα πρώτοι!
|
MARC
| LEADER | 00000nam a2200000 i 4500 | ||
|---|---|---|---|
| 001 | 1/50796 | ||
| 008 | 140704s1997 eng d | ||
| 020 | |a 0-674-63428-4 | ||
| 035 | |l 10118221 | ||
| 040 | |a GR-MY-UA |b gre |e aacr | ||
| 041 | 0 | |a eng | |
| 082 | 0 | |a 791.4301 |2 (23) | |
| 100 | 1 | |a Bordwell, David. | |
| 245 | 1 | 0 | |a On the history of film style / |c David Bordwell |
| 260 | |a Cambridge, Mass. : |b Harvard University Press, |c 1997 | ||
| 300 | |a x, 322 σ.; |b εικ.; |c 25 εκ. | ||
| 504 | |a Περιλαμβάνει βιβλιογραφικές αναφορές | ||
| 650 | 0 | 0 | |a Motion pictures |x Aesthetics. |
| 650 | 0 | 0 | |a Motion pictures |x History. |
| 852 | |a INST |b LESVOS |e 20140704 |h 791.4301 BOR |p 005100054575 |q 005100054575 |t BK |y 0 | ||
| 901 | |a BIBL1-2014-2 | ||
| 909 | |a Λ |b 189446 | ||
| 922 | |a 1ΕΛΗ |b 201406 |c ΤΠΤΕ |d ΔΙΑΔΡΟΜΕΣ | ||
| 970 | |a ΤΖΑΦΕΡΗ |b ΕΥΑΓΓΕΛΙΑ |z 2014/07/04 | ||